Statistiques concernant La traversée de Paris - film

Cliquez ici pour prendre le quiz!

Statistiques générales

  • Ce quiz a été pris 24 fois
  • Le résultat moyen est 4 sur 10

Statistiques - réponses

QuestionRéponse% Correct
Quelle est la profession de Jean Gabin ?artiste peintre
70%
Qui a réalisé le film en 1956 ?Claude Autant-Lara
60%
Quel est le nom de l'épicier interprété par Louis de Funès ?Jambier
60%
Complétez la réplique culte de Jean Gabin dans le bistrot : "Salauds de ...pauvres
60%
Quel nom porte la rue où habite l'épicier Louis de Funès ?rue Poliveau
25%
A la fin du film, dans quelle gare se retrouvent Bourvil et Gabin ?gare de Lyon
25%
Comment s'appelle le personnage incarné par Bourvil ?Marcel Martin
20%
Quelle est la profession de Bourvil ?chauffeur de taxi
20%
Comment s'appelle le personnage incarné par Jean Gabin ?Grandgil
15%
Bourvil et les autres otages ont été conduits à la prison du ...Cherche-Midi
0%

Distribution des résultats

Percentile par nombre de réponses

% des personnes avec chaque résultat

Votre développement - résultats

Vous n’avez pas pris ce quiz